| 000 | 00513nam a2200193Ia 4500 | ||
|---|---|---|---|
| 005 | 20250423100659.0 | ||
| 008 | 250422s9999 xx 000 0 und d | ||
| 020 | _a9781118500408 | ||
| 050 | _aHD 9715.A2 .W35/ | ||
| 100 | _aWalker, Anthony | ||
| 245 | 0 | _aProject management in construction | |
| 250 | _a6th ed. | ||
| 260 | _aOxford | ||
| 260 | _bJohn Wiley & Sons, Ltd. | ||
| 260 | _c2015 | ||
| 300 | _a339 p | ||
| 650 | _a Construction industry--Management. Project management. | ||
| 942 | _cBK | ||
| 999 |
_c34038 _d34038 |
||